LEADER 00846nam a2200205 i 4500 001 000000192358 003 CaOOAMICUS 005 20100916000000.0 008 100916s1909 it u000 u ita u 013 $a170937 040 $aSeMil$bita 100 1 $aPujia, Carmelo.$0(OLS)http://semarc/name/70143 245 10$aM. Aurelio Cassiodoro di Calabria /$cDiscorso di Mons. Carmelo Pujia Arcivescovo di Santa Severina. 260 $aRoma :$bDesclée & C.,$c1909. 300 $a40 p. ;$c19 cm. 600 04$aCassiodoro, Flavio Magno Aurelio .$0(OLS)http://semarc/subject/4577 850 $aSeMil 852 $aSeMil$W1$xVenegono$y1$m3J II 32$j142933$B142933$CSeMilBibl$Z2$F154311 $81 996 $6245$aM. Aurelio Cassiodoro di Calabria$9(OLS)http://semarc/title/277233 996 $6260$aRoma :$bDesclée & C.$9(OLS)http://semarc/publisher/32137 LEADER 01571nam a2200277 i 4500 001 000000066992 003 CaOOAMICUS 005 20090213000000.0 008 090213s1971 be u000 u fre u 013 $a38164 040 $aSeMil$bita 100 1 $aChantraine, Georges .$0(OLS)http://semarc/name/4582 240 10$aMystère et Philosophie du Christ selon Erasme.$0(OLS)http://semarc/title/106681 245 10$a"Mystère" et "Philosophie du Christ" selon Erasme :$bétude de la lettre à P. Volz et de la "Ratio verae theologiae" (1518) /$cGeorges Chantraine ; préface de H. de Lubac. 260 $aGembloux :$bJ. Duculot,$c1971. 260 $aNamur :$bSecrétariat des publications,$c1971. 300 $aX, 410 p. ;$c25 cm. 490 0 $aBibliothèque de la Faculté de philosophie et lettres de Namur ;$v49 600 04$aErasmo : da Rotterdam .$0(OLS)http://semarc/subject/3308 700 1 $aLubac, Henri : de,$c.$0(OLS)http://semarc/name/49 830 0$aBibliothèque de la Faculté de philosophie et lettres de Namur ;$v49.$0(OLS)http://semarc/title/27195 850 $aSeMil 852 $aSeMil$W1$xVenegono$y1$m2P V 340$j33145$B33145$CSeMilBibl$Z2$F33148 $81 996 $6245$a"Mystère" et "Philosophie du Christ" selon Erasme :$bétude de la lettre à P. Volz et de la "Ratio verae theologiae" (1518)$9(OLS)http://semarc/title/106680 996 $6260$aNamur :$bSecrétariat des publications$9(OLS)http://semarc/publisher/35348 996 $6260$aGembloux :$bJ. Duculot$9(OLS)http://semarc/publisher/29655